000 00605nam a22002297a 4500
003 UA-OsUOA
001 91663
007 ta
008 20121204b un ||||| |||| 00| 0 ukr d
100 _aСосюра В.
090 _a821.161.2
_bС66
942 _cBK
040 _aUA-OsUOA
_bukr
_cUA-OsUOA
_dUA-OsUOA
245 _aБалада про комсомольця
_bпоезії
300 _a432 с.
955 _a3
041 _aukr
080 _a821.161.2
260 _aК.
_bМолодь
_c1973
650 7 _a82 Література. Літературознавство
_2UDC
999 _c377937
_d377937